Management information systems / (Record no. 7249)
[ view plain ]
| 000 -LEADER | |
|---|---|
| fixed length control field | 01341nam a2200193Ia 4500 |
| 020 ## - INTERNATIONAL STANDARD BOOK NUMBER | |
| ISBN | 9780071280433 |
| 020 ## - INTERNATIONAL STANDARD BOOK NUMBER | |
| ISBN | 007128043X |
| 050 00 - CALL NUMBER | |
| Classification number | T58.6 |
| Item number | .O26 |
| 100 1# - AUTHOR | |
| Personal name | O'Brien, James A., |
| 245 10 - TITLE | |
| Title | Management information systems / |
| Statement of responsibility, etc | James A. O'Brien, George M. Marakas. |
| 250 ## - EDITION | |
| Edition statement | Ninth edition. |
| 260 ## - PUBLICATION INFORMATION | |
| Place of publication | Boston : |
| Name of publisher | McGraw-Hill Irwin, |
| Year of publication | ©2009. |
| 300 ## - DESCRIPTION | |
| Number of Pages | xxxii, 659 pages : |
| Other physical details | color illustrations, color maps ; |
| Dimensions | 29 cm. |
| 500 ## - NOTES | |
| General note | Includes index |
| 505 ## - FORMATTED CONTENTS NOTE | |
| Table of Content | Module I Foundation concepts --<br/>Ch. 1 Foundations of information systems in business --<br/>Ch. 2 Competing with information technology --<br/>Module II Information technologies --<br/>Ch. 3 Computer hardware --<br/>Ch. 4 Computer software --<br/>Ch. 5 Data resource management --<br/>Ch. 6 Telecommunications and networks --<br/>Module III Business applications --<br/>Ch. 7 Electronic business systems --<br/>Ch. 8 Enterprise business systems --<br/>Ch. 9 Electronic commerce systems --<br/>Ch. 10 Decision support systems --<br/>Module IV Development processes --<br/>Ch. 11 Developing business-IT strategies --<br/>Ch. 12 Developing business/IT solutions --<br/>Module V Management challenges --<br/>Ch. 13 Security and ethical challenges --<br/>Ch. 14 Enterprise and global management of information technology. |
| 650 #0 - SUBJECTS | |
| Topical Term | Management information systems. |
| 700 1# - OTHER AUTHORS | |
| Personal name | Marakas, George M. |
| 942 ## - ADDED ENTRY ELEMENTS (KOHA) | |
| Koha item type | Books |
| Withdrawn status | Lost status | Collection code | Home library | Current library | Shelving location | Date acquired | Full call number | Accession Number | Koha item type |
|---|---|---|---|---|---|---|---|---|---|
| Reference | Methodist University Library Main | Methodist University Library Main | General Stacks | T58.6 .O26 | 33655 | Books |